Optimálne umiestnenie základných škôl v okrese Trnava pre minimalizáciu tvorby emisií

Zameranie na optimalizáciu umiestnenia základných škôl v okrese Trnava s cieľom minimalizovať emisie, spojené s dochádzaním žiakov.

Salvato in:
Dettagli Bibliografici
Autore principale: Gežík, Pavel, 1983-
Natura: Capitolo di libro
Lingua:slovacco
Soggetti:
Tags: Aggiungi Tag
Nessun Tag, puoi essere il primo ad aggiungerne!!

MARC

LEADER 00000naa$a2200000$$$4500
001 0305479
005 20241205205104.6
041 0 |a slo 
044 |a SK 
245 1 0 |a Optimálne umiestnenie základných škôl v okrese Trnava pre minimalizáciu tvorby emisií  |c Pavel Gežík 
520 |a Zameranie na optimalizáciu umiestnenia základných škôl v okrese Trnava s cieľom minimalizovať emisie, spojené s dochádzaním žiakov. 
610 2 0 |a optimalizácia 
610 2 0 |a školy 
610 2 0 |a emisie 
610 2 0 |a dochádzka školská povinná 
610 2 0 |a školy základné 
610 2 0 |a žiaci 
100 1 |a Gežík, Pavel, 1983-